000 00354nam a2200145Ia 4500
008 230312s9999||||xx |||||||||||||| ||und||
020 _a0-8016-3306-0
082 _a618.92994
_bFER-C
100 _aFernbach;Donlad.j
245 0 _aClinical Pediatric oncology
260 _bLibrary of congress
_aUK
_c1991
300 _a720
650 _aMedical
942 _cBK
999 _c832
_d832